书目信息 |
| 题名: |
卫星系统电波传播
|
|
| 作者: | 赵振维 编著 | |
| 分册: | ||
| 出版信息: | 北京 国防工业出版社 2020.10 |
|
| 页数: | 15,183页 | |
| 开本: | 24cm | |
| 丛书名: | ||
| 单 册: | ||
| 中图分类: | V474.2 | |
| 科图分类: | ||
| 主题词: | 卫星通信系统--电波传播 | |
| 电子资源: | ||
| ISBN: | 978-7-118-12033-2 | |
| 000 | 01101nam0 2200277 45 | |
| 001 | 012001000356 | |
| 005 | 20130911134226.0 | |
| 010 | @a978-7-118-12033-2@b精装@dCNY69.00 | |
| 100 | @a20201211d2020 em y0chiy50 ea | |
| 101 | 0 | @achi |
| 102 | @aCN@b110000 | |
| 105 | @aa z 000yy | |
| 106 | @ar | |
| 200 | 1 | @a卫星系统电波传播@Awei xing xi tong dian bo chuan bo@b专著@dRadiowave Propagation of Satellite Systems@f赵振维[等]编著@zeng |
| 210 | @a北京@c国防工业出版社@d2020.10 | |
| 215 | @a15,183页@c图@d24cm | |
| 300 | @a国防科技图书出版基金 | |
| 300 | @a并列题名:Radiowave Propagation of Satellite Systems | |
| 304 | @a编著者还有:林乐科、卢昌胜、张蕊、刘琨、张鑫 | |
| 330 | @a本书共分7章,包括:卫星系统电波传播基础;对流层晴空传播效应;水凝物传播效应;地表反射与本地环境效应;电离层传播效应;无线电噪声与干扰协调;卫星系统抗衰落技术与传播设计。 | |
| 510 | 1 | @aRadiowave Propagation of Satellite Systems@zeng |
| 606 | 0 | @a卫星通信系统@x电波传播 |
| 690 | @aV474.2@v5 | |
| 701 | 0 | @a赵振维@Azhao zhen wei@4编著 |
| 801 | 0 | @aCN@bBJSDL@c20211011 |
| 905 | @b1335087-9@dV474.2@e72@f3 | |
| 卫星系统电波传播=Radiowave Propagation of Satellite Systems/赵振维[等]编著.-北京:国防工业出版社,2020.10 |
| 15,183页:图;24cm |
| 国防科技图书出版基金.-并列题名:Radiowave Propagation of Satellite Systems |
| ISBN 978-7-118-12033-2(精装):CNY69.00 |
| 本书共分7章,包括:卫星系统电波传播基础;对流层晴空传播效应;水凝物传播效应;地表反射与本地环境效应;电离层传播效应;无线电噪声与干扰协调;卫星系统抗衰落技术与传播设计。 |
| ● |
| 相关链接 |
|
|
|
|
正题名:卫星系统电波传播
索取号:V474.2/72
 
预约/预借
| 序号 | 登录号 | 条形码 | 馆藏地/架位号 | 状态 | 备注 |
| 1 | 1335087 | 213350871 | 第二样本阅览室/ [索取号:V474.2/72] | 在馆 | |
| 2 | 1335088 | 213350880 | 第三借阅区/ [索取号:V474.2/72] | 在馆 | |
| 3 | 1335089 | 213350899 | 第三借阅区/ [索取号:V474.2/72] | 在馆 |